Meilleurs buteur de l'histoire de l'OM - Statistiques

Statistiques générales
  • Ce quiz a été pris 79 fois
  • Le résultat moyen est 2 sur 15
Statistiques - réponses
Hint Réponse % Correct
182 Jean-Pierre Papin
92%
86 Florian Thauvin
61%
77 André-Pierre Gignac
15%
100 Mamadou Niang
15%
76 Dimitri Payet
13%
176 Josip Skoblar
11%
194 Gunnar Andersson
8%
170 Jean Boyer
3%
152 Emmanuel Aznar
1%
89 Félix Pironti
1%
106 Georges Dard
1%
138 Joseph Alcazar
1%
112 Joseph Yegba Maya
1%
99 Mario Zatelli
1%
96 Willy Kohut
1%
Aucun quiz correspondant
Distribution des résultats
% des personnes avec chaque résultat
Percentile par nombre de réponses
Votre historique - résultats
Vous n’avez pas pris ce quiz